00541nam a2200157Ia 4500100001400000942000700014654001100021245004600032260003700078082001700115300000800132546001200140999001700152952010700169952010700276 aRay/T.K.  cBK astress aExperimental anaysis of stress and strain bS.Chand and Co.aNew Delhic1982 a620.112bRAY a333 aENGLISH c26893d26893 001040708CRCaCRCEbCRCEd2023-03-17g32.50l0o620.112 RAYp229r2023-03-17v32.50w2023-03-17yBK 001040708CRCaCRCEbCRCEd2023-03-17g32.50l0o620.112 RAYp230r2023-03-17v32.50w2023-03-17yBK